000 00539nam a2200229Ia 4500
003 OSt
005 20221005113638.0
006 a|||||r|||| 00| 0
007 ta
008 221004b |||||||| |||| 00| 0 urd d
024 _a7818
037 _cTextual
040 _aCRL
_cCRL
_burd
041 _2urd
_aurd
082 _aC3, 168N68
100 _aAbdul Baseer Pal
_9624702
245 0 _aAawaz
260 _c1968
650 _aPHYSICS
942 _hC3, 168N68
_cTEXL
_2cc
999 _c1028846
_d1028846